Normal view
MARC view
- Marcus, Karel
Entry Personal Name
001 - CONTROL NUMBER
- control field: 6145
003 - CONTROL NUMBER IDENTIFIER
- control field: OSt
005 - DATE AND TIME OF LATEST TRANSACTION
- control field: 20240320123749.0
008 - FIXED-LENGTH DATA ELEMENTS
- fixed length control field: 240320|| aca||aabn | a|a d
040 ## - CATALOGING SOURCE
- Original cataloging agency: OSt
- Transcribing agency: OSt
100 ## - HEADING--PERSONAL NAME
- Personal name: Marcus, Karel
670 ## - SOURCE DATA FOUND
- Source citation: Work cat.: (OSt)4853: FEnnema, Owen R . 6144, Principles of food science, Part II: Physical principles of food preservation / , 1975.
